[Event "55th Biel Master Open"]
[Site "Biel SUI"]
[Date "2022.07.19"]
[Round "6.4"]
[White "Sargsyan, Shant"]
[Black "Ganguly, Surya Shekhar"]
[Result "1/2-1/2"]
[WhiteTitle "GM"]
[BlackTitle "GM"]
[WhiteElo "2661"]
[BlackElo "2608"]
[WhiteFideId "13306766"]
[BlackFideId "5002150"]
[EventDate "2022.07.13"]

1. d4 Nf6 2. c4 e6 3. Nc3 Bb4 4. e3 O-O 5. Bd2 d5 6. Nf3 b6 7. cxd5 exd5 8. Rc1
Be7 9. Bd3 Bb7 10. O-O c5 11. Re1 Re8 12. dxc5 bxc5 13. Qb3 Qb6 14. e4 Qxb3 15.
axb3 dxe4 16. Nxe4 Nxe4 17. Bxe4 Bxe4 18. Rxe4 Nc6 19. Be3 Rab8 20. Bxc5 Bxc5
21. Rxe8+ Rxe8 22. Rxc5 Nd4 23. b4 Nxf3+ 24. gxf3 g6 25. Ra5 Re7 26. Kg2 Kg7 27.
Kg3 Kf6 28. h4 h5 29. b5 Rd7 30. b4 Rc7 31. f4 Rc3+ 32. f3 Rc7 33. Ra6+ Kf5 34.
Rc6 Rd7 35. Rc5+ Kf6 36. Rc6+ Kf5 37. b6 axb6 38. Rxb6 Rd4 39. Rb7 Kf6 40. b5
Rb4 41. b6 Rb2 42. Rb8 Rb4 43. Rb7 Rb2 44. Rb8 Rb4 1/2-1/2

[Event "55th Biel Master Open"]
[Site "Biel SUI"]
[Date "2022.07.19"]
[Round "6.5"]
[White "Motylev, Alexander"]
[Black "Huschenbeth, Niclas"]
[Result "1-0"]
[WhiteTitle "GM"]
[BlackTitle "GM"]
[WhiteElo "2632"]
[BlackElo "2610"]
[WhiteFideId "4121830"]
[BlackFideId "24604747"]
[EventDate "2022.07.13"]

1. d4 Nf6 2. c4 e6 3. Nc3 d5 4. cxd5 exd5 5. Bg5 Bb4 6. e3 h6 7. Bh4 g5 8. Bg3
Ne4 9. a3 Bxc3+ 10. bxc3 h5 11. f3 Nxg3 12. hxg3 Qd6 13. g4 h4 14. Bd3 Be6 15.
Nh3 f6 16. O-O Nd7 17. Bg6+ Kf8 18. f4 Kg7 19. e4 Kxg6 20. e5 fxe5 21. f5+ Kh6
22. Qd2 Bf7 23. Nxg5 Kg7 24. Ne6+ Bxe6 25. Qg5+ Kf8 26. fxe6+ Ke8 27. Qg7 1-0

[Event "55th Biel Master Open"]
[Site "Biel SUI"]
[Date "2022.07.19"]
[Round "6.6"]
[White "Yu, Yangyi"]
[Black "Iniyan, P"]
[Result "0-1"]
[WhiteTitle "GM"]
[BlackTitle "GM"]
[WhiteElo "2720"]
[BlackElo "2533"]
[WhiteFideId "8603820"]
[BlackFideId "25002767"]
[EventDate "2022.07.13"]

1. e4 e5 2. Nf3 Nc6 3. Bb5 Nf6 4. d3 Bc5 5. c3 d6 6. O-O O-O 7. Nbd2 a6 8. Ba4
Ba7 9. h3 Nh5 10. d4 b5 11. Bc2 exd4 12. Nxd4 Bxd4 13. Qxh5 Be5 14. Qe2 b4 15.
Qc4 bxc3 16. bxc3 Bd7 17. a4 Qf6 18. Nf3 Qg6 19. Kh1 Qh5 20. Ng1 g5 21. Bd1 Qg6
22. Bg4 Na5 23. Qxc7 Bxg4 24. Qxa5 Rfc8 25. Bd2 Be6 26. Nf3 Rc5 27. Qb6 g4 28.
Nxe5 Rxe5 29. hxg4 Rxe4 30. f3 Re2 31. Rf2 Rxd2 32. Kg1 Rxf2 33. Qxf2 Qd3 34.
Qe1 Rc8 35. Rc1 Rc5 36. Kh2 h5 37. gxh5 d5 38. Kg3 0-1

[Event "55th Biel Master Open"]
[Site "Biel SUI"]
[Date "2022.07.19"]
[Round "6.7"]
[White "Petrov, Martin"]
[Black "Lagarde, Maxime"]
[Result "1/2-1/2"]
[WhiteTitle "GM"]
[BlackTitle "GM"]
[WhiteElo "2534"]
[BlackElo "2631"]
[WhiteFideId "2911086"]
[BlackFideId "662399"]
[EventDate "2022.07.13"]

1. e4 c5 2. Nf3 e6 3. d4 cxd4 4. Nxd4 Nc6 5. Nc3 Qc7 6. Be2 a6 7. O-O Nf6 8. Be3
Be7 9. f4 d6 10. a4 O-O 11. Kh1 Bd7 12. Nb3 b6 13. Bf3 Bc8 14. a5 bxa5 15. e5
dxe5 16. fxe5 Nd7 17. Bxc6 Qxc6 18. Nxa5 Qc7 19. Qf3 Rb8 20. Nc6 Nxe5 21. Nxe5
Rxb2 22. Bd4 Bb7 23. Qf2 Rb4 24. Rae1 f6 25. Nd3 e5 26. Nxb4 Bxb4 27. Qg3 Qc6
28. Bxe5 fxe5 29. Rxf8+ Kxf8 30. Rf1+ Kg8 31. Nd1 Qxc2 32. Qg4 h6 33. Ne3 Qe4
34. Qg3 Bc8 35. h3 a5 36. Rd1 Be6 37. Ng4 Qf4 38. Qd3 Bxg4 39. hxg4 Qxg4 40.
Qd5+ Kh7 41. Rd3 Qh4+ 42. Rh3 Qe1+ 43. Kh2 Bd2 44. Qf3 Bf4+ 45. g3 Qd2+ 46. Kh1
Qc1+ 47. Kg2 Qb2+ 48. Qf2 Bc1 49. Rh4 Qxf2+ 50. Kxf2 Kg6 51. Rc4 Bb2 52. Ke3 h5
53. Kd3 Bd4 54. Ra4 Kf5 55. Rxa5 Kg4 56. Ke4 Kxg3 57. Kf5 h4 58. Ra6 Kf3 59. Rg6
e4 60. Rg4 Bf2 61. Rf4+ Kg2 62. Rxe4 g5 63. Rg4+ Bg3 64. Rxg5 h3 65. Rh5 h2 66.
Rxh2+ 1/2-1/2

[Event "55th Biel Master Open"]
[Site "Biel SUI"]
[Date "2022.07.19"]
[Round "6.8"]
[White "Sethuraman, S.P."]
[Black "Gagare, Shardul"]
[Result "1-0"]
[WhiteTitle "GM"]
[BlackTitle "GM"]
[WhiteElo "2623"]
[BlackElo "2514"]
[WhiteFideId "5021596"]
[BlackFideId "5037883"]
[EventDate "2022.07.13"]

1. e4 e5 2. Nf3 Nc6 3. Bb5 a6 4. Ba4 Nf6 5. O-O Be7 6. Re1 b5 7. Bb3 d6 8. c3
O-O 9. h3 Nb8 10. d4 Nbd7 11. Nbd2 Bb7 12. Bc2 Re8 13. Nf1 Bf8 14. Ng3 g6 15.
Bd2 Bg7 16. Qc1 d5 17. Bg5 Qc8 18. dxe5 Nxe4 19. Bf4 Nxg3 20. Bxg3 c5 21. Qd2 a5
22. h4 Re7 23. h5 Qe8 24. Bh4 Re6 25. Ng5 Rb6 26. Qe3 Raa6 27. hxg6 hxg6 28. f4
b4 29. Qh3 Nf8 30. Bf2 bxc3 31. bxc3 Rb2 32. Re2 Bc8 33. Qf3 Qb5 34. a4 Qc6 35.
Bxg6 Rb7 36. Bc2 Re7 37. Rb1 d4 38. cxd4 cxd4 39. Bxd4 Qxf3 40. Nxf3 Rc6 41. Be4
Rc4 42. f5 Rd7 43. Bf2 Rdc7 44. Bb6 Rc1+ 45. Re1 Rxb1 46. Bxb1 Rc4 47. Bxa5 Rxa4
48. Bd2 Nd7 49. Bc2 Ra2 50. Bb3 Rxd2 51. Nxd2 Nxe5 52. Nc4 Nxc4 53. Re8+ Kh7 54.
Rxc8 Nd6 55. Rc7 Bd4+ 56. Kf1 Kg7 57. g4 Kf6 58. Ke2 Be5 59. Kf3 Bh2 60. Ra7 Be5
61. Rc7 Kg7 62. Kg2 Kf6 63. Rd7 Kg5 64. Kf3 Kf6 65. Bd5 Kg7 66. g5 Nxf5 67. Ke4 1-0

[Event "55th Biel Master Open"]
[Site "Biel SUI"]
[Date "2022.07.19"]
[Round "6.9"]
[White "Puranik, Abhimanyu"]
[Black "Bharath, Subramaniyam H"]
[Result "1/2-1/2"]
[WhiteTitle "GM"]
[BlackTitle "GM"]
[WhiteElo "2612"]
[BlackElo "2479"]
[WhiteFideId "5061245"]
[BlackFideId "46634827"]
[EventDate "2022.07.13"]

1. e4 c5 2. Nf3 d6 3. d4 cxd4 4. Nxd4 Nf6 5. Nc3 Nc6 6. Bg5 g6 7. Bxf6 exf6 8.
Bb5 Bd7 9. Nde2 Be6 10. O-O Bg7 11. Nf4 O-O 12. Re1 Re8 13. Ncd5 Qa5 14. a4 a6
15. b4 Qd8 16. Bc4 Bxd5 17. Nxd5 f5 18. Ra3 Rxe4 19. Rxe4 fxe4 20. Re3 Ne7 21.
Rxe4 Nxd5 22. Qxd5 Qc7 23. a5 Be5 24. f4 Bf6 25. g4 Kf8 26. g5 Bb2 27. f5 Re8
28. f6 Be5 29. Rh4 h5 30. Bd3 Qd7 31. Kg2 Rc8 32. Re4 Rc7 33. h3 Kg8 34. Rc4
Rxc4 35. Bxc4 Qc7 36. Qe4 Kh8 37. Qd5 Kg8 38. Qd3 Kf8 39. Qe4 Qc8 40. Bd3 Qc7
41. h4 Qc3 42. Kf3 Qc8 43. Bf1 Qg4+ 44. Qxg4 hxg4+ 45. Kxg4 Bc3 46. Bg2 Bxb4 47.
Bxb7 Bxa5 48. Bxa6 d5 49. Bb7 d4 50. Bd5 Be1 51. h5 gxh5+ 52. Kxh5 Bd2 53. Kg4
Be3 54. Kf5 Bd2 55. Bb3 Ke8 56. Bxf7+ Kxf7 57. g6+ Kf8 58. Ke5 Bc3 59. Ke6 Bb4
60. f7 Kg7 61. Kd5 Kxg6 62. Kxd4 Kxf7 63. c3 Bxc3+ 64. Kxc3 1/2-1/2

[Event "55th Biel Master Open"]
[Site "Biel SUI"]
[Date "2022.07.19"]
[Round "6.10"]
[White "Muradli, Mahammad"]
[Black "Banusz, Tamas"]
[Result "1-0"]
[WhiteTitle "GM"]
[BlackTitle "GM"]
[WhiteElo "2523"]
[BlackElo "2611"]
[WhiteFideId "13409301"]
[BlackFideId "722413"]
[EventDate "2022.07.13"]

1. d4 d5 2. c4 e6 3. Nf3 a6 4. Bg5 Be7 5. Bxe7 Qxe7 6. Nbd2 Nf6 7. Qc2 O-O 8. g3
b6 9. Rc1 Bb7 10. cxd5 exd5 11. Qxc7 Rc8 12. Qxc8+ Bxc8 13. Rxc8+ Ne8 14. Bg2
Kf8 15. O-O Qb7 16. Rfc1 Nd7 17. R8c2 Rd8 18. Ne1 Ndf6 19. Nd3 Ne4 20. Nxe4 dxe4
21. e3 a5 22. Ne5 Qd5 23. Rc6 f6 24. Nd3 Rd6 25. Rc8 g5 26. b3 Ke7 27. Nb2 h5
28. Na4 Qb7 29. Bh3 Rd8 30. R8c6 Rd6 31. R6c2 g4 32. Bg2 f5 33. Nc3 Rd7 34. Nb5
Qd5 35. Bf1 Nd6 36. Nc7 Qg8 37. Rc6 h4 38. Rxb6 hxg3 39. hxg3 a4 40. Rc5 axb3
41. axb3 1-0

[Event "55th Biel Master Open"]
[Site "Biel SUI"]
[Date "2022.07.19"]
[Round "6.11"]
[White "Seul, Georg"]
[Black "Erdos, Viktor"]
[Result "1/2-1/2"]
[WhiteTitle "IM"]
[BlackTitle "GM"]
[WhiteElo "2367"]
[BlackElo "2586"]
[WhiteFideId "4601653"]
[BlackFideId "719978"]
[EventDate "2022.07.13"]

1. e4 c5 2. Nf3 d6 3. Bb5+ Nd7 4. d4 cxd4 5. Qxd4 a6 6. Bxd7+ Bxd7 7. c4 Nf6 8.
Nc3 e6 9. O-O Bc6 10. Qd3 Be7 11. Nd4 Rc8 12. h3 O-O 13. Be3 Qa5 14. a4 Rfd8 15.
Bd2 Qh5 16. Rfe1 Be8 17. b3 Nd7 18. Rab1 Bf6 19. Be3 Qa5 20. Qd2 Qc7 21. Bg5 h6
22. Bxf6 Nxf6 23. Re3 Qc5 24. Rd1 Kf8 1/2-1/2

[Event "55th Biel Master Open"]
[Site "Biel SUI"]
[Date "2022.07.19"]
[Round "6.12"]
[White "Mendonca, Leon Luke"]
[Black "Raja, Harshit"]
[Result "1-0"]
[WhiteTitle "GM"]
[BlackTitle "GM"]
[WhiteElo "2567"]
[BlackElo "2477"]
[WhiteFideId "35028561"]
[BlackFideId "5089000"]
[EventDate "2022.07.13"]

1. d4 Nf6 2. c4 g6 3. Nf3 Bg7 4. e3 O-O 5. Be2 d5 6. cxd5 Nxd5 7. e4 Nb6 8. Be3
Nc6 9. O-O Bg4 10. Nbd2 f5 11. exf5 gxf5 12. Nb3 a5 13. Rc1 Kh8 14. Re1 Nd5 15.
Bd2 Qd6 16. h3 Bh5 17. Nc5 Nxd4 18. Nxb7 Qb6 19. Nc5 Nxe2+ 20. Qxe2 e5 21. Nd7
Qd6 22. Nxf8 Rxf8 23. Qb5 e4 24. Ng5 Be8 25. Qc5 Qd7 26. h4 Rg8 27. Nh3 c6 28.
Nf4 Bf6 29. g3 Rxg3+ 30. fxg3 Qg7 31. Kh2 Bd4 32. Ne6 1-0

[Event "55th Biel Master Open"]
[Site "Biel SUI"]
[Date "2022.07.19"]
[Round "6.13"]
[White "Licznerski, Lukasz"]
[Black "Shevchenko, Kirill"]
[Result "1/2-1/2"]
[WhiteTitle "IM"]
[BlackTitle "GM"]
[WhiteElo "2451"]
[BlackElo "2654"]
[WhiteFideId "1179250"]
[BlackFideId "14129574"]
[EventDate "2022.07.13"]

1. e4 c5 2. Nf3 Nc6 3. Nc3 d6 4. d4 cxd4 5. Nxd4 Nf6 6. Be2 e6 7. Be3 Be7 8. O-O
O-O 9. f4 Bd7 10. Qe1 Nxd4 11. Bxd4 Bc6 12. Qg3 g6 13. Bf3 b5 14. a3 a5 15. b4
axb4 16. axb4 Rxa1 17. Rxa1 d5 18. e5 Ne4 19. Bxe4 dxe4 20. Qe3 Bxb4 21. Nxe4
Be7 22. Ra7 b4 23. h3 h5 24. Kh2 Qd5 25. Rxe7 Qxe4 26. Qxe4 Bxe4 27. Rc7 Rb8 28.
Ba7 b3 29. cxb3 Rxb3 30. Rc4 Bd5 31. Rc2 Rb4 32. Kg3 Kg7 33. Bc5 1/2-1/2

[Event "55th Biel Master Open"]
[Site "Biel SUI"]
[Date "2022.07.19"]
[Round "6.14"]
[White "Katz, Alexander"]
[Black "Martirosyan, Haik M."]
[Result "0-1"]
[WhiteTitle "IM"]
[BlackTitle "GM"]
[WhiteElo "2402"]
[BlackElo "2672"]
[WhiteFideId "2039796"]
[BlackFideId "13306553"]
[EventDate "2022.07.13"]

1. e4 c5 2. Nf3 Nc6 3. d4 cxd4 4. Nxd4 e6 5. Nc3 Qc7 6. g3 a6 7. Bg2 d6 8. O-O
Nf6 9. Nce2 Bd7 10. b3 Be7 11. c4 O-O 12. Bb2 Nxd4 13. Qxd4 e5 14. Qd2 b5 15.
Rac1 bxc4 16. Rxc4 Qb6 17. Rfc1 Ng4 18. Nc3 Be6 19. Na4 Qd8 20. Rc7 Bg5 21. f4
Bh6 22. h3 Nf6 23. R7c6 exf4 24. Rxd6 Qe7 25. e5 f3 26. Qd3 Ne8 27. Bxf3 Bxc1
28. Bxc1 Bf5 29. Qxf5 Nxd6 30. Qg5 Qxg5 31. Bxg5 Nf5 32. Bxa8 Rxa8 33. Bf4 Rc8 0-1

[Event "55th Biel Master Open"]
[Site "Biel SUI"]
[Date "2022.07.19"]
[Round "6.15"]
[White "Azarov, Sergei"]
[Black "Stijve, Theo"]
[Result "1/2-1/2"]
[WhiteTitle "GM"]
[BlackTitle "FM"]
[WhiteElo "2566"]
[BlackElo "2394"]
[WhiteFideId "13501470"]
[BlackFideId "1331132"]
[EventDate "2022.07.13"]

1. e4 c5 2. Nf3 d6 3. c3 Nf6 4. Bd3 Nc6 5. h3 g6 6. O-O Bg7 7. Bc2 e5 8. d4 cxd4
9. cxd4 exd4 10. Nxd4 O-O 11. Nxc6 bxc6 12. Nc3 d5 13. Bg5 h6 14. Be3 Re8 15.
Ba4 Bd7 16. exd5 Nxd5 17. Nxd5 cxd5 18. Bxd7 Qxd7 19. Bd4 Re4 20. Bxg7 Kxg7 21.
Qd3 Qe6 22. Rad1 Rd8 23. Rd2 d4 24. b4 h5 25. a4 Rc8 26. Rc2 Rxc2 27. Qxc2 Re1
28. Qd3 Rxf1+ 29. Kxf1 Qd6 30. b5 Qb4 31. a5 Qxa5 32. Qxd4+ Kg8 33. Kg1 1/2-1/2

[Event "55th Biel Master Open"]
[Site "Biel SUI"]
[Date "2022.07.19"]
[Round "6.16"]
[White "Rathanvel, V S"]
[Black "Unuk, Laura"]
[Result "1/2-1/2"]
[WhiteTitle "IM"]
[BlackTitle "IM"]
[WhiteElo "2478"]
[BlackElo "2340"]
[WhiteFideId "25002112"]
[BlackFideId "14609215"]
[EventDate "2022.07.13"]

1. e4 e5 2. Nf3 Nc6 3. Bc4 Bc5 4. c3 Nf6 5. d3 a5 6. O-O d6 7. a4 h6 8. Re1 O-O
9. h3 Bb6 10. Be3 Bxe3 11. Rxe3 d5 12. exd5 Nxd5 13. Bxd5 Qxd5 14. Na3 Bf5 15.
c4 Qc5 16. Nxe5 Rae8 17. Nb5 Rxe5 18. d4 Nxd4 19. Rxe5 Qxe5 20. Qxd4 1/2-1/2

[Event "55th Biel Master Open"]
[Site "Biel SUI"]
[Date "2022.07.19"]
[Round "6.17"]
[White "Ajay Krishna, S"]
[Black "Pavlovic, Milos"]
[Result "1/2-1/2"]
[WhiteTitle "IM"]
[BlackTitle "GM"]
[WhiteElo "2372"]
[BlackElo "2461"]
[WhiteFideId "5096430"]
[BlackFideId "900389"]
[EventDate "2022.07.13"]

1. d4 d6 2. Nf3 g6 3. e4 Bg7 4. Be2 Nf6 5. Nc3 O-O 6. O-O Bg4 7. Be3 Nc6 8. d5
Bxf3 9. Bxf3 Ne5 10. Be2 c6 11. f4 Ned7 12. Kh1 Qa5 13. Rb1 Rfc8 14. Bg1 a6 15.
Bf3 Qc7 16. Re1 Re8 17. Ne2 Rad8 18. g4 h6 19. h4 e5 20. dxe6 Rxe6 21. Nd4 Re7
22. g5 hxg5 23. hxg5 Nh7 24. Qd2 Rde8 25. Ne2 f6 26. gxf6 Nhxf6 27. Ng3 Bh6 28.
Be3 Nf8 29. Rbd1 Qc8 30. Kg2 Nxe4 31. Nxe4 Rxe4 32. Bxe4 Rxe4 33. Kf3 d5 34. Qh2
Bg7 35. Bc1 Qf5 36. Rxe4 Qxe4+ 37. Kg3 Ne6 38. Qg2 Qf5 39. Qe2 g5 40. Qg4 Qe4
41. fxg5 Be5+ 42. Kh3 Bf4 43. Rf1 Qh7+ 44. Qh4 Qf5+ 45. Qg4 Qh7+ 46. Qh4 Qf5+
47. Qg4 Qh7+ 48. Qh4 1/2-1/2

[Event "55th Biel Master Open"]
[Site "Biel SUI"]
[Date "2022.07.19"]
[Round "6.18"]
[White "Herrera Reyes, Jose Antonio"]
[Black "Prraneeth, Vuppala"]
[Result "0-1"]
[WhiteTitle "FM"]
[BlackTitle "CM"]
[WhiteElo "2345"]
[BlackElo "2457"]
[WhiteFideId "2274914"]
[BlackFideId "46622373"]
[EventDate "2022.07.13"]

1. e4 e5 2. Nf3 Nc6 3. c4 Bc5 4. a3 a5 5. d3 d6 6. Be3 Nge7 7. Nc3 Nd4 8. Bxd4
exd4 9. Ne2 Nc6 10. Ng3 g5 11. Ng1 Ne5 12. Be2 Be6 13. Bh5 Rg8 14. N1e2 g4 15.
O-O a4 16. Kh1 Qg5 17. Ng1 Ng6 18. Bxg6 hxg6 19. f4 Qh4 20. Re1 Rh8 21. Nf1 g3
22. h3 Qxf4 23. Qf3 Qh4 24. e5 O-O-O 25. exd6 Bxd6 26. Rxe6 fxe6 27. Qd1 g5 28.
Qxa4 g4 29. c5 gxh3 30. Nxh3 Qf6 31. Qa8+ Kd7 32. Qxb7 Rb8 33. Qe4 Rxb2 34. cxd6
Rxh3+ 35. gxh3 Qf2 0-1

[Event "55th Biel Master Open"]
[Site "Biel SUI"]
[Date "2022.07.19"]
[Round "6.19"]
[White "Panjwani, Raja"]
[Black "Tanmay, Chopra"]
[Result "1/2-1/2"]
[WhiteTitle "IM"]
[BlackTitle "FM"]
[WhiteElo "2450"]
[BlackElo "2322"]
[WhiteFideId "2604493"]
[BlackFideId "25630946"]
[EventDate "2022.07.13"]

1. d4 Nf6 2. c4 e6 3. g3 d5 4. Nf3 dxc4 5. Bg2 c5 6. O-O Nc6 7. dxc5 Qxd1 8.
Rxd1 Bxc5 9. Nbd2 c3 10. bxc3 O-O 11. Nb3 Be7 12. c4 Bd7 13. Bb2 Rfc8 14. Rac1
Be8 15. Nfd4 a6 16. Nxc6 Bxc6 17. Bxc6 Rxc6 18. Na5 Rc7 19. Be5 Rc5 20. Bxf6
gxf6 21. Rd7 Rxa5 22. Rxe7 Rxa2 23. Rxb7 Rxe2 24. Rd1 Rc2 25. Rdd7 Rf8 26. Rdc7
Kg7 27. Rb6 Kg6 28. Rxa6 1/2-1/2

[Event "55th Biel Master Open"]
[Site "Biel SUI"]
[Date "2022.07.19"]
[Round "6.20"]
[White "Mohammad, Nubairshah Shaikh"]
[Black "Aydin, Gulenay"]
[Result "1-0"]
[WhiteTitle "IM"]
[BlackTitle "WFM"]
[WhiteElo "2445"]
[BlackElo "2100"]
[WhiteFideId "5053196"]
[BlackFideId "34557431"]
[EventDate "2022.07.13"]

1. Nf3 Nf6 2. g3 g6 3. b3 Bg7 4. Bb2 O-O 5. Bg2 d6 6. d4 c6 7. O-O Nbd7 8. c4
Re8 9. Nc3 e5 10. e4 exd4 11. Nxd4 Nc5 12. Qc2 h5 13. Rad1 h4 14. b4 Ncd7 15. b5
Qc7 16. bxc6 bxc6 17. Ndb5 cxb5 18. Nxb5 Qb8 19. Nxd6 Rf8 20. Nxc8 Rxc8 21. e5
Nxe5 22. Bxa8 Nxc4 23. Bxf6 Qxa8 24. Bxh4 Ne3 25. Qxc8+ Qxc8 26. Rd8+ Qxd8 27.
Bxd8 Nxf1 28. Kxf1 Kf8 29. Ke2 Ke8 30. Ba5 Kd7 31. Kd3 Kc6 32. Bc3 Bf8 33. g4
Be7 34. Ke4 a6 35. Bd4 Kd6 36. f4 Ke6 37. f5+ gxf5+ 38. gxf5+ Kd6 39. Be5+ Kd7
40. Kd5 Bg5 41. Bd6 Bh4 42. a4 Bg5 43. Bg3 Ke7 44. h4 Bh6 45. Be5 Bd2 46. Kc6
Be1 47. h5 Bd2 48. Kb6 a5 49. Kb5 Kf8 50. Bc7 Kg7 51. Bxa5 Be3 52. Bb6 Bd2 53.
Bd4+ Kh6 54. a5 Bxa5 55. Kxa5 Kxh5 56. f6 1-0

[Event "55th Biel Master Open"]
[Site "Biel SUI"]
[Date "2022.07.19"]
[Round "6.21"]
[White "Karthik, Rajaa"]
[Black "Gurel, Ediz"]
[Result "1/2-1/2"]
[WhiteTitle "FM"]
[BlackTitle "IM"]
[WhiteElo "2331"]
[BlackElo "2435"]
[WhiteFideId "25035215"]
[BlackFideId "44507356"]
[EventDate "2022.07.13"]

1. e4 c5 2. Nf3 e6 3. d4 cxd4 4. Nxd4 a6 5. Bd3 Qc7 6. O-O Nc6 7. Nxc6 bxc6 8.
Qe2 d5 9. Nc3 Nf6 10. Bg5 Bb7 11. Rfe1 h6 12. Bh4 Be7 13. Bg3 Qd8 14. Rab1 O-O
15. b4 Nd7 16. Na4 a5 17. b5 cxb5 18. exd5 Bxd5 19. Bxb5 Rc8 20. c4 Bc6 21. Red1 1/2-1/2

[Event "55th Biel Master Open"]
[Site "Biel SUI"]
[Date "2022.07.19"]
[Round "6.22"]
[White "Sahithi Varshini M"]
[Black "Krishna, C R G"]
[Result "0-1"]
[WhiteTitle "WIM"]
[BlackTitle "IM"]
[WhiteElo "2312"]
[BlackElo "2430"]
[WhiteFideId "45095248"]
[BlackFideId "5018625"]
[EventDate "2022.07.13"]

1. e4 e6 2. d4 d5 3. Nd2 c5 4. Ngf3 cxd4 5. Nxd4 Nf6 6. exd5 Qxd5 7. N4f3 Nbd7
8. Bc4 Qc5 9. O-O Bd6 10. Bd3 O-O 11. a3 b6 12. b4 Qc7 13. Nc4 Be7 14. Bb2 Bb7
15. Nfe5 Rad8 16. Qe2 Nxe5 17. Bxe5 Qc6 18. f3 Rc8 19. Rfe1 Rfd8 20. Ne3 Bd6 21.
Bxd6 Qxd6 22. Ba6 Bxa6 23. Qxa6 Qc7 24. c4 Nd7 25. a4 Ne5 26. Ra3 Qd6 27. Rb3
Qd2 28. Rf1 Nd3 29. Ng4 h5 30. Qxa7 hxg4 31. Qxb6 gxf3 32. gxf3 Nf4 0-1

[Event "55th Biel Master Open"]
[Site "Biel SUI"]
[Date "2022.07.19"]
[Round "6.23"]
[White "Popiol, Michal"]
[Black "Peyrer, Konstantin"]
[Result "1-0"]
[WhiteTitle "CM"]
[BlackTitle "FM"]
[WhiteElo "2118"]
[BlackElo "2406"]
[WhiteFideId "1144472"]
[BlackFideId "1640879"]
[EventDate "2022.07.13"]

1. c4 Nf6 2. Nc3 e5 3. g3 d5 4. cxd5 Nxd5 5. Bg2 Nb6 6. Nf3 Nc6 7. O-O Be7 8. d3
O-O 9. a3 Be6 10. b4 f6 11. Bb2 Qd7 12. Rc1 Rad8 13. Ne4 Bd5 14. Nc5 Qc8 15. Qc2
Bxc5 16. Qxc5 Qe6 17. Ba1 a6 18. Nd2 Bxg2 19. Kxg2 Qa2 20. Qc3 Nd4 21. Rfe1 Rf7
22. Qb2 Qd5+ 23. Kg1 h5 24. Rc5 Nxe2+ 25. Rxe2 Qxd3 26. Nf1 Na4 27. Qa2 Nxc5 28.
Rd2 Nb3 29. Rxd3 Rxd3 30. Qc2 e4 31. Bc3 Nd4 32. Bxd4 Rxd4 33. Qc5 Rd3 34. Qxh5
Rxa3 35. Qd5 c6 36. Qxe4 a5 37. Qe8+ Rf8 38. Qe6+ Kh8 39. Qe7 Kg8 40. Qxb7 a4
41. Qxc6 Ra1 42. Qc4+ Kh8 43. Qc3 Rb1 44. Kg2 Rb8 45. Ne3 R1xb4 46. Nd5 R4b7 47.
Qf3 Ra7 48. Qe3 Rbb7 49. Qa3 Ra8 50. Nb4 Rb6 51. Qf3 Ra7 52. Nc6 Rf7 53. Qd5
Rfb7 54. Qh5+ Kg8 55. Qe8+ Kh7 56. Ne7 1-0

[Event "55th Biel Master Open"]
[Site "Biel SUI"]
[Date "2022.07.19"]
[Round "6.24"]
[White "Dishman, Stephen"]
[Black "Hilby, Craig"]
[Result "1/2-1/2"]
[WhiteTitle "FM"]
[BlackTitle "IM"]
[WhiteElo "2252"]
[BlackElo "2422"]
[WhiteFideId "403024"]
[BlackFideId "2062674"]
[EventDate "2022.07.13"]

1. Nf3 g6 2. e4 c5 3. c3 Bg7 4. d4 cxd4 5. cxd4 d5 6. e5 Nc6 7. Bb5 Bg4 8. Nbd2
Qb6 9. Bxc6+ Qxc6 10. h3 Bd7 11. O-O Rc8 12. Nb1 e6 13. Nc3 h6 14. Bf4 Ne7 15.
Qd2 g5 16. Be3 Nf5 17. Nh2 Qb6 18. Rad1 Rg8 19. g4 Nxe3 20. fxe3 Bc6 21. Rf2 Rc7
22. Nf1 Rf8 23. Ng3 f6 24. exf6 Bxf6 25. Nh5 Rcf7 26. Rdf1 Be7 27. Rxf7 Rxf7 28.
Rxf7 Kxf7 29. Qc2 Ke8 30. Ng7+ Kd7 31. Qg6 Qxb2 32. Qe8+ Kd6 33. Qb8+ Kd7 34.
Qe8+ Kd6 35. Qb8+ 1/2-1/2

[Event "55th Biel Master Open"]
[Site "Biel SUI"]
[Date "2022.07.19"]
[Round "6.25"]
[White "Aaron, Deepak"]
[Black "Gaehwiler, Gabriel"]
[Result "0-1"]
[BlackTitle "IM"]
[WhiteElo "2221"]
[BlackElo "2420"]
[WhiteFideId "2009412"]
[BlackFideId "1314530"]
[EventDate "2022.07.13"]

1. c4 Nf6 2. Nc3 g6 3. e4 d6 4. g3 Bg7 5. Bg2 O-O 6. Nge2 c5 7. O-O Nc6 8. d3
Rb8 9. h3 Ne8 10. Be3 Nd4 11. Qc1 Nc7 12. Bh6 Bxh6 13. Qxh6 b5 14. b3 e5 15. f4
f6 16. g4 Qe7 17. f5 Qg7 18. Qd2 b4 19. Nd1 g5 20. Kf2 Qh6 21. Ng3 Qh4 22. Ne3
Bd7 23. Bf3 Qh6 24. Ng2 a5 25. h4 a4 26. Bd1 axb3 27. axb3 Ra8 28. Rb1 Ra3 29.
Rh1 Be8 30. Rb2 Bf7 31. hxg5 Qxg5 32. Qxg5+ fxg5 33. Rh6 Rd8 34. Ne3 Kg7 35. Rh1
Ne8 36. Nh5+ Bxh5 37. Rxh5 h6 38. Nd5 Ra1 39. Rd2 Rda8 40. Ke3 Rb1 41. f6+ Nxf6
42. Nxf6 Kxf6 43. Rxh6+ Ke7 44. Rh7+ Ke6 45. Rdh2 Rf8 46. R2h6+ Rf6 47. Rxf6+
Kxf6 48. Kd2 Rb2+ 49. Kc1 Rg2 50. Rh6+ Ke7 51. Rh7+ Kd8 52. Rh6 Ke7 53. Rh7+ Ke8
54. Rh6 Kf7 55. Rh7+ Kg6 56. Rd7 Ne6 57. Rxd6 Kf7 58. Rd7+ Kf8 59. Rd6 Nf4 60.
Kb1 Ke7 61. Rc6 Nxd3 62. Bc2 Rg1+ 63. Ka2 Ne1 64. Bb1 Rxg4 65. Rxc5 Rg2+ 66. Ka1
Nf3 67. Rc7+ Kd6 68. Rb7 Nd4 69. Rxb4 Kc7 70. c5 g4 71. Bd3 Rd2 72. Ra4 Rxd3 73.
Ra7+ Kc6 74. b4 Nc2+ 75. Kb2 g3 0-1